China Building a Global Community with a Shared Fund: A decoration of Debt Trap Deplomacy (Record no. 4598)

MARC details
000 -LEADER
fixed length control field 00575nam a22001577a 4500
008 - FIXED-LENGTH DATA ELEMENTS--GENERAL INFORMATION
fixed length control field 260306b |||||||| |||| 00| 0 eng d
020 ## - INTERNATIONAL STANDARD BOOK NUMBER
ISBN 978978990719
100 ## - MAIN ENTRY--AUTHOR
Author Sherif Ghali Ibrahim
245 ## - TITLE STATEMENT
Title China Building a Global Community with a Shared Fund: A decoration of Debt Trap Deplomacy
260 ## - PUBLICATION, DISTRIBUTION, ETC. (IMPRINT)
Place of publication Abuja
Name of publisher Centre for Contemporary China- Africa Research in Nigeria
Date of publication 2025
300 ## - COLLATION
Pagination ix,449p.
650 ## - TRACINGS
Main Subject Economic Development- International Cooperation
Subdivision (1st) Globalization
Subdivision (2nd) Foreign Economic Relation
942 ## - ADDED ENTRY ELEMENTS (KOHA)
Item type Books
050 ## - LIBRARY OF CONGRESS CALL NUMBER
Classification number HF1604
Item number .I27
Holdings
Source of classification or shelving scheme Not for loan Permanent location Current location Date acquired Accession No. Full call number Barcode. Copy number Koha item type
Library of Congress Classification   Samuel Ogbemudia Main Library, University of Abuja Samuel Ogbemudia Main Library, University of Abuja 03/06/2026 2025/69390 HF1604 .I27 2026-0085 1 Books